| 000 | 01061nam a2200289 a 4500 | ||
|---|---|---|---|
| 001 | 000113815 | ||
| 003 | CHAP | ||
| 005 | 20220329144414.0 | ||
| 008 | 170927s2017 mx a fsm |||||||spa d | ||
| 010 | _a110276 | ||
| 011 | _a111248 | ||
| 040 | _cCHAP | ||
| 090 | _aTesis | ||
| 100 | 1 |
_aMartínez Tapia, Yessica Elvira _9133503 |
|
| 245 | 1 | 0 |
_aEfecto de un fitogénico natural en gestación y lactancia sobre la producción de conejas / _h[En línea] _cpor Yessica Elvira Martínez Tapia y Flor Vargas Martínez. |
| 260 |
_aChapingo, Méx. : _bEl autor, _c2017. |
||
| 500 | _aPara ver el contenido del material haga clic en la liga | ||
| 502 | _aTesis (Ing. Agr. Esp. en Zootecnia) -- UACH. Departamento de Zootecnia | ||
| 590 |
_aE11695DGD _b10 _c20170928 _lUCH01 _h0838 |
||
| 590 |
_aE8697GMM _b05 _c20170927 _lUCH01 _h0947 |
||
| 590 |
_aE8697GMM _b05 _c20170927 _lUCH01 _h1008 |
||
| 700 | 1 |
_aVargas Martínez, Flor _9133504 |
|
| 856 |
_aFinding aid _uhttp://10.13.5.2/tesis/sist113815.pdf _zTeclea aquí |
||
| 901 | _aBK | ||
| 942 | _cTESIS | ||
| 942 | _n0 | ||
| 999 |
_c110276 _d110276 |
||